| 000 | 00404nam a2200121Ia 4500 | ||
|---|---|---|---|
| 008 | 171212s9999 xx 000 0 und d | ||
| 020 | _a9780987171801 | ||
| 100 | _aBabie, Paul;Rochow, Neville | ||
| 245 |
_cBabie, Paul;Rochow, Neville _aFreedom of Religion under Bills of Rights |
||
| 260 |
_bUniversity of Adelaide Press _c2012 |
||
| 650 | _aLaw | ||
| 856 | _uhttp://jstor.org/stable/10.20851/j.ctt1t3051j | ||
| 999 |
_c352922 _d352922 |
||